STUDENT' GUIDE TO ACCOUNTING STANDARDS (Record no. 15334)

MARC details
000 -LEADER
fixed length control field 00308nam a22001457a 4500
003 - CONTROL NUMBER IDENTIFIER
control field SGT
020 ## - INTERNATIONAL STANDARD BOOK NUMBER
International Standard Book Number 9789386882370
082 ## - DEWEY DECIMAL CLASSIFICATION NUMBER
Item number RAW
100 ## - MAIN ENTRY--PERSONAL NAME
Personal name RAWAT D.S.
245 ## - TITLE STATEMENT
Title STUDENT' GUIDE TO ACCOUNTING STANDARDS
250 ## - EDITION STATEMENT
Edition statement 32ND
260 ## - PUBLICATION, DISTRIBUTION, ETC. (IMPRINT)
Name of publisher, distributor, etc TAXMANN PUB.
Year of Publication 2018
300 ## - PAGE DESCRIPTION
No. of Pages 760
942 ## - ADDED ENTRY ELEMENTS (KOHA)
Source of classification or shelving scheme Dewey Decimal Classification
Koha item type Books
942 ## - ADDED ENTRY ELEMENTS (KOHA)
-- 3
Holdings
Withdrawn status Lost status Source of classification or shelving scheme Damaged status Not for loan Collection code Home library Current library Shelving location Date acquired Vendor Name Cost, normal purchase price SGTU Bill Number Total Checkouts Full call number Accession No. (Barcode) Date last seen Bill Date Koha item type Date last borrowed
    Dewey Decimal Classification     COMMERCE MANAGEMENT SGT Science & Social Sciences Library SGT Science & Social Sciences Library Text Book 16/03/2018 UDH PUB. & DISTRIBUTORS 675.00 SGTU 2214   RAW CM4221 16/03/2018   Books  
    Dewey Decimal Classification     COMMERCE MANAGEMENT SGT Science & Social Sciences Library SGT Science & Social Sciences Library Text Book 16/03/2018 UDH PUB. & DISTRIBUTORS 675.00 SGTU 2214   RAW CM4222 16/03/2018   Books  
    Dewey Decimal Classification     COMMERCE MANAGEMENT SGT Science & Social Sciences Library SGT Science & Social Sciences Library Text Book 16/03/2018 UDH PUB. & DISTRIBUTORS 675.00 SGTU 2214 1 RAW CM4223 04/04/2018   Books 02/04/2018
    Dewey Decimal Classification     COMMERCE MANAGEMENT SGT Science & Social Sciences Library SGT Science & Social Sciences Library Text Book 16/03/2018 UDH PUB. & DISTRIBUTORS 675.00 SGTU 2214 3 RAW CM4224 29/03/2022   Books 25/03/2022
    Dewey Decimal Classification     COMMERCE MANAGEMENT SGT Science & Social Sciences Library SGT Science & Social Sciences Library Text Book 16/03/2018 UDH PUB. & DISTRIBUTORS 675.00 SGTU 2214   RAW CM4225 16/03/2018   Books